| 000 | 00757nam a22002177a 4500 | ||
|---|---|---|---|
| 999 |
_c21088 _d21088 |
||
| 003 | AR-CdUCM | ||
| 008 | 190221b ||||| |||| 00| 0 spa d | ||
| 040 |
_aMUNICIPALIDAD PROVINCIAL DEL CUSCO _cBIBLIOTECA MUNICIPAL DEL CUSCO |
||
| 082 |
_a985.7 / _bP44 |
||
| 100 | _9Perez Prendes, Jose Manuel | ||
| 245 |
_aLas estructuras Político-Administrativas de la colonia : _cy La Formación de los estados Nacionales / |
||
| 260 |
_aMadrid : _bEdiciones cultura Hispánica, _c1986. |
||
| 300 |
_a10 páginas ; _bGráficos, Mapas. _c30 cm. |
||
| 505 | _aContenido : | ||
| 650 |
_aHistoria. _943945 |
||
| 650 |
_aAudiencias _943946 |
||
| 650 |
_aÉpoca Colonial. _943947 |
||
| 650 |
_aCancillerías _943948 |
||
| 942 |
_2ddc _cLIBROS |
||
| 945 |
_arcc _d2019-02-21 |
||